| 000 | 02080nam0a2200361 i 4500 | ||
|---|---|---|---|
| 001 | RU\NLR\BIBL_A\010983029 | ||
| 005 | 20260406094154.0 | ||
| 010 |
_a9785000684290 _9500 |
||
| 021 |
_aRU _b16-7427 |
||
| 035 | _a(NILC)RuMoRGB-008134502 | ||
| 035 | _a(NLR Aleph) 010983029 | ||
| 090 |
_a10884482 _c10884482 |
||
| 100 | _a20160217d2015 km y0rusy50 ca | ||
| 101 | 0 |
_arus _aeng |
|
| 102 | _aRU | ||
| 105 | _aa|||z|||100yy | ||
| 200 | 1 |
_aНовое слово в науке и практике: гипотезы и апробация результатов исследований _eсборник материалов XXI Международной научно-практической конференции, г. Новосибирск, 30 декабря 2015 г. _fпод общ. ред. к.э.н. С.С. Чернова |
|
| 210 |
_aНовосибирск _cЦентр развития научного сотрудничества _d2015 |
||
| 215 |
_a298 с. _cил., табл. _d21 |
||
| 300 | _aВ надзаг.: Центр развития науч. сотрудничества | ||
| 300 | _aТекст докл. на рус. и англ. яз. | ||
| 320 | _aБиблиогр. в конце докл. | ||
| 606 | 1 |
_aНаука _jСъезды, совещания и т.п _xТеория и практика _92146372 _3RU\NLR\AUTH\661597742 |
|
| 686 | 1 | _aЧ210я431 | |
| 702 | 1 |
_4340 _8rus _7ca _aЧернов _bС. С. _cканд. экон. наук _f1979- _gСергей Сергеевич _3RU\NLR\AUTH\7768307 _951235 |
|
| 711 | 1 | 2 |
_a"Новое слово в науке и практике: гипотезы и апробация результатов исследований", международная научно-практическая конференция _d21 _eНовосибирск _f2015 _9507223 _3RU\NLR\AUTH\880421156 |
| 801 | 0 |
_aRU _bРГБ _c20160203 _gRCR |
|
| 801 | 1 |
_aRU _bРГБ _c20160203 _2rusmarc |
|
| 942 | _cBOOK | ||
| 980 | _aNBR | ||